000 00366nam a2200145Ia 4500
008 231217s9999 xx 000 0 und d
041 _aEnglish
082 _a001.642 MIL;2
100 _aMilenkovic, Milan
245 0 _aOperating systems: Concepts and design
250 _a2nd ed.
260 _c1992
_bMcGraw-Hill,
650 _aOperating systems
942 _cAA
999 _c162579
_d162579